| 000 | 00525cam a2200217 4500 | ||
|---|---|---|---|
| 008 | 090401t1999 xxu||||| |||| 00| 0 eng d | ||
| 020 | _a0421627204 | ||
| 035 | _a(Sirsi) u99866 | ||
| 041 | _aeng | ||
| 100 | _aFancourt, T.M. | ||
| 245 | _aAssured tenancies. | ||
| 250 | _a2nd. | ||
| 260 |
_aLondon _bSweet & Maxwell _c1999 |
||
| 300 | _a707p. ; 25cm. | ||
| 350 | _a115.00 | ||
| 650 | _aTENANCIES | ||
| 690 | _aPROPERTY-LANDLORD AND TENANT | ||
| 700 |
_aMegarry, Robert _cSir |
||
| 942 | _n0 | ||
| 948 | _c22/04/1999 | ||
| 999 |
_c99501 _d99501 |
||